परीक्षा गुरु / (Record no. 97554)

MARC details
000 -LEADER
fixed length control field 01300nam a22002537a 4500
005 - DATE AND TIME OF LATEST TRANSACTION
control field 20180205162642.0
010 ## - LCCN (DPL NO)
LC control number 1516HN08 B-620300-302 B-665703
020 ## - INTERNATIONAL STANDARD BOOK NUMBER
Terms of availability 400.00
International Standard Book Number 9788190489775
035 ## - SYSTEM CONTROL NUMBER
System control number B-620300-302
035 ## - SYSTEM CONTROL NUMBER
System control number B-665703
037 ## - SOURCE OF ACQUISITION
Source of stock number/acquisition STAR/VEN
Stock number DPL
082 ## - DEWEY DECIMAL CLASSIFICATION NUMBER
Classification number
100 ## - MAIN ENTRY--PERSONAL NAME
Personal name श्रीनिवास दास
245 ## - TITLE STATEMENT
Title परीक्षा गुरु /
Statement of responsibility, etc लाला श्रीनिवास दास
246 ## - VARYING FORM OF TITLE
Title proper/short title Pariksha Guru
Remainder of title by Shrinivas Das
260 ## - PUBLICATION, DISTRIBUTION, ETC. (IMPRINT)
Place of publication, distribution, etc नई दिल्ली
Name of publisher, distributor, etc बालाजी प्रकाशन
Date of publication, distribution, etc 2014
270 ## - ADDRESS
Address 4760-61, द्वितीय तल, 23, अंसारी रोड़, दरियागंज
City नई दिल्ली
Postal code 110002
300 ## - PHYSICAL DESCRIPTION
Extent 190पृ.
Dimensions 22सेमी (सजिल्द)
650 ## - SUBJECT ADDED ENTRY--TOPICAL TERM
Topical term or geographic name as entry element हिन्दी साहित्य
650 ## - SUBJECT ADDED ENTRY--TOPICAL TERM
Topical term or geographic name as entry element Hindi Sahitya
942 ## - ADDED ENTRY ELEMENTS (KOHA)
Source of classification or shelving scheme Dewey Decimal Classification
Item type Hindi Books
Call number suffix श्रीनिवा
Classification part
Holdings
Withdrawn status Lost status Not for loan Collection code Home library Current library Date acquired Source of acquisition Cost, normal purchase price Full call number Barcode Copy number Cost, replacement price Koha item type
      Fiction Ashok Vihar Ashok Vihar 05/02/2018 STAR/BLN2266/27.02.17/593/16.02.17/08.03.17 400.00 उ श्रीनिवा B-665703 1 400.00 Hindi Books
  Lost and Paid For   Fiction Central Library Central Library 17/03/2016 STAR/BLN4131/14.12.15/181/3.12.15/4.2.16 400.00 उ श्रीनिवा B-620300 1 400.00 Hindi Books
      Fiction Janak Puri Janak Puri 17/03/2016 STAR/BLN4131/14.12.15/181/3.12.15/4.2.16 400.00 उ श्रीनिवा B-620302 1 400.00 Hindi Books
      Fiction Patel Nagar Patel Nagar 17/03/2016 STAR/BLN4131/14.12.15/181/3.12.15/4.2.16 400.00 उ श्रीनिवा B-620301 1 400.00 Hindi Books

© Delhi Public Library
Hit Counter
free hit counter